000 00297nam a22001337a 4500
008 171219b xxu||||| |||| 00| 0 eng d
020 _a9780030523229
041 _aeng
080 _24 ED
_a82
100 _a21
101 _aGJU
245 _aELEMENTS LITERATURE
_cALLEN.L.V
942 _2udc
_cBK
999 _c39139
_d39139